Transporte de voz y datos sobre el protocolo Frame Relay : caso práctico

Kaydedildi:
Detaylı Bibliyografya
Yazar: Herrera Rosales, Fernando
Materyal Türü: Kitap
Baskı/Yayın Bilgisi: San José, C.R. 1998
Konular:
Etiketler: Etiketle
Etiket eklenmemiş, İlk siz ekleyin!

MARC

LEADER 00000nam a2200000Ia 4500
001 3775
003 008372
005 20221231144226.0
008 140114s1998 cr a m 000 ||s d
040 |c cru CEDI 
100 |a Herrera Rosales, Fernando  |9 9175 
245 |a Transporte de voz y datos sobre el protocolo Frame Relay : caso práctico 
260 |c 1998  |a  San José, C.R. 
300 |a xi, 64 hojas  
500 |a  Proyecto de graduación (bachillerato en ingeniería eléctrica)--Universidad de Costa Rica. Facultad de Ingeniería. Escuela de Ingeniería Eléctrica 
650 |x FRAME RELAY (TRANSMISION DE DATOS)  |9 9176 
942 |c TFG 
999 |c 18700  |d 18700